Geografia Azji na literę A - Statystyki

Ogólne statystyki
  • Ten quiz został rozwiązany 2 378 razy
  • Średni wynik to 9 z 20
Statystyki odpowiedzi
Wskazówka Odpowiedź % Poprawnych
Stolica Turcji Ankara
99%
Urzędowy język ponad 11 państw azjatyckich arabski
84%
Państwo, którego stolicą jest Baku Azerbejdżan
83%
Państwo z najsłabszym paszportem Afganistan
74%
Pierwsze chrześcijańskie państwo świata Armenia
74%
Obecna stolica Kazachstanu Astana
71%
Stolica Jordanii Amman
64%
Jezioro prawie w całości zniszczone przez Sowietów Aralskie
45%
Największy emirat ZEA Abu Zabi
40%
Rzeka, która tworzy niektóre odcinki granicy rosyjsko-chińskiej Amur
39%
Stolica Turkmenistanu Aszchabad
38%
Dawna stolica Kazachstanu Ałmaty
34%
Turecki wulkan, na którym według niektórych Arka Noego się osiadła Ararat
34%
Największa świątynia na świecie, znajdująca się w Kambodży Angkor Wat
29%
Kraina historyczna, na której obecnie znajduje się Turcja Anatolia
27%
8000-metrowa nepalska góra nazwana na cześć hinduskiej bogini jedzenia Annapurna
21%
Miasto, w którym znajduje się Tadź Mahal Agra
18%
Archipelag, który należy do Indii oraz Mjanmy. Znajdują się tam także jedne z ostatnich plemion izolowanych Andamany
18%
Miasto, w którym Gandhi rozpoczął swój marsz solny Ahmadabad
10%
Złota Świątynia w tym mieście jest najświętszym miejscem w religii Sikhów Amritsar
5%
Nie znaleziono quizów pasujących do podanych kryteriów
Rozkład punktacji
Procent ludzi z każdym wynikiem
Percentyl według liczby udzielonych odpowiedzi
Twoja historia wyników
Nie rozwiązałeś tego quizu